100 doa dalam Al-Quran : kisah & amalannya

Bibliographic Details
Main Author: Muhammad Thalib
Format: Book
Published: Kuala Lumpur : Darul Numan , 2000
Subjects:

MARC

LEADER 00000cam a2200000 7i4500
001 0000012589
005 20071226.0
008 071226
020 |a 9830462633 
090 0 0 |a 297.3824   |b MUH 
100 1 |a Muhammad Thalib 
245 1 0 |a 100 doa dalam Al-Quran :   |b kisah & amalannya   |c Muhammad Thalib 
246 1 |a Seratus doa dalam Al-Quran   |b kisah & amalannya 
260 |a Kuala Lumpur :   |b Darul Numan ,   |c 2000 
650 0 |a Islam   |x Prayers and devotions 
999 |a 0000923312   |b Book   |c Adult Collection   |e Cawangan Bukit Gambir 
999 |a 0000933290   |b Book   |c Adult Collection   |e Cawangan Tangkak 
999 |a 0000933292   |b Book   |c Adult Collection   |e Cawangan Tangkak 
999 |a 0001008614   |b Book   |c Adult Collection   |e Perbadanan Perpustakaan Awam Johor 
999 |a 0001008615   |b Book   |c Adult Collection   |e Perbadanan Perpustakaan Awam Johor 
999 |a 0001008616   |b Book   |c Adult Collection   |e Perbadanan Perpustakaan Awam Johor 
999 |a 000923313   |b Book   |c Adult Collection   |e Cawangan Bukit Gambir